000 00596cam a22002051 4500
001 sa 65000853
003 DLC
005 20260227112106.0
008 940331s1964 io a 000 0 ind
010 _asa 65000853
025 _aPL480:Indo-1046
035 _a(OCoLC)30063845
040 _aDLC
_cCU
_dDLC
042 _apremarc
050 0 0 _aPL5089.S6
_bS53
100 1 _aSontani, Utuy Tatang,
_d1920-
245 1 0 _aSi Sapar;
_bsebuah novelette tentang kehidupan penarik² betjak di Djakarta.
260 _aDjakarta,
_bJajasan Kebudajaan Sadar
_c[cover 1964]
300 _a48 p.
_billus.
_c16 cm.
999 _c61784
_d61784